| 000 | 00475nam a2200157 i 4500 | ||
|---|---|---|---|
| 001 | 82861 | ||
| 003 | ES-MaACL | ||
| 005 | 20230906174737.0 | ||
| 007 | t| | ||
| 008 | 041112s1965 sp ||||1| spa d | ||
| 110 | 2 |
_aInstituto Femenino "Príncipe de Viana" (Pamplona) _95058 |
|
| 245 | 1 | 0 |
_aMemoria XXV años / _cInstituto Femenino "Príncipe de Viana". |
| 260 |
_aPamplona : _bCometip, _c1965. |
||
| 300 |
_a251 p. : _bil. ; _c22 cm. |
||
| 852 |
_aES-MaACL _jC-29598 _bR.58116 |
||
| 999 |
_c82861 _d82861 |
||